000 00991nam a22002897a 4500
001 000654
003 DO-SdBNP
005 20180207131747.0
007 000654
008 161108b 2009 sp a ||||| |||| 00| 0 spa d
020 _a9788466785051
040 _aBPMSU
_bspa
_cBPMSU
082 _axxxx
_bxxxx
100 1 _aSolo, Ángel
245 1 0 _aBlanco :
_bel libro que nació sin tinta /
_cÁngel Solo ; ilustraciones de Maria Espluga.
260 _aMadrid :
_bAnaya : Ediciones Autor,
_c2009.
300 _a142 p. :
_bil. ;
_c20 cm.
490 1 _aSopa de libros. Teatro
_v16
500 _aIncluye datos biográficos del autor en la solapa de la cubierta.
500 _aPara niños a partir de los 8 años.
586 _aAccésit Premio SGAE de Teatro Infantil y Juvenil 2008.
700 1 2 _aEspluga, Maria,
_d1968-
_eil.
830 0 _aSopa de libros. Teatro ;
_v16
942 _2ddc
_cBK
945 _ainventariado, 2018 / dg
956 _2LOPEREZ
_310
_620161108
_8BPMSU
_a00041
999 _c11841
_d11841